Sports Quiz

Random Sports or NFL Quiz

NFL Top 5 Running Backs by Year (1990-2009) Quiz Stats

 Plays Quiz Updated Jul 2, 2018

Score 0/100 Timer 08:00
3 Plays Today
Year Running Back % Correct
2006Larry Johnson
93.1%
2005Larry Johnson
93.1%
2009Chris Johnson
92.7%
1999Emmitt Smith
90.4%
1998Emmitt Smith
90.4%
1995Emmitt Smith
90.4%
1994Emmitt Smith
90.4%
1993Emmitt Smith
90.4%
1992Emmitt Smith
90.4%
1991Emmitt Smith
90.4%
2000Robert Smith
89.2%
2008Adrian Peterson
88.1%
2007Adrian Peterson
88.1%
2007LaDainian Tomlinson
86.9%
2006LaDainian Tomlinson
86.9%
2003LaDainian Tomlinson
86.9%
2002LaDainian Tomlinson
86.9%
2009Adrian Peterson
86.1%
2008Thomas Jones
81.7%
1998Barry Sanders
81.6%
1997Barry Sanders
81.6%
1996Barry Sanders
81.6%
1994Barry Sanders
81.6%
1991Barry Sanders
81.6%
1995Barry Sanders
81.6%
1993Barry Sanders
81.6%
1992Barry Sanders
81.6%
1990Barry Sanders
81.6%
2009Thomas Jones
79.7%
2002Ricky Williams
77.8%
2008DeAngelo Williams
77.3%
2005Shaun Alexander
74.8%
2004Shaun Alexander
74.8%
2006Steven Jackson
73.7%
Year Running Back % Correct
1999Marshall Faulk
73.7%
1994Marshall Faulk
73.7%
2001Marshall Faulk
73.7%
2000Edgerrin James
72.3%
2005Edgerrin James
72.3%
2004Edgerrin James
72.3%
1999Edgerrin James
72.3%
2009Steven Jackson
72%
1998Terrell Davis
71.6%
1997Terrell Davis
71.6%
1996Terrell Davis
71.6%
2007Jamal Lewis
71.1%
2003Jamal Lewis
71.1%
2001Stephen Davis
70.9%
1999Stephen Davis
70.9%
2002Priest Holmes
70.4%
2001Priest Holmes
70.4%
1997Jerome Bettis
69.4%
1996Jerome Bettis
69.4%
1993Jerome Bettis
69.4%
2006Tiki Barber
68.6%
2004Tiki Barber
68.6%
2005Tiki Barber
68.6%
2003Clinton Portis
64.2%
2008Clinton Portis
64.2%
2005Clinton Portis
64.2%
2002Clinton Portis
64.2%
2006Frank Gore
63.7%
2004Curtis Martin
63.3%
2001Curtis Martin
63.3%
1999Curtis Martin
63.3%
1995Curtis Martin
63.3%
2003Ahman Green
62.3%
2001Ahman Green
62.3%
Year Running Back % Correct
2009Maurice Jones Drew
62.2%
1993Thurman Thomas
59.5%
1992Thurman Thomas
59.5%
1991Thurman Thomas
59.5%
1990Thurman Thomas
59.5%
2008Michael Turner
57.2%
2007Brian Westbrook
55.9%
2004Corey Dillon
54.3%
2000Corey Dillon
54.3%
1998Jamal Anderson
51.7%
2000Mike Anderson
51.5%
2000Eddie George
49.5%
1997Eddie George
49.5%
1996Eddie George
49.5%
2007Willie Parker
49.5%
1992Barry Foster
41.5%
2003Deuce McAllister
37.5%
1996Ricky Watters
33.3%
1995Terry Allen
33.3%
1998Garrison Hearst
30.1%
1992Lorenzo White
25.8%
2002Travis Henry
22%
1997Dorsey Levens
21.9%
1994Natrone Means
17.3%
1991Earnest Byner
12.4%
1990Earnest Byner
12.4%
1995Chris Warren
10.4%
1994Chris Warren
10.4%
1991Rodney Hampton
10%
1990Marion Butts
9.4%
1990Bobby Humphrey
3.8%
1993Erric Pegram
3.4%

You're not logged in!

Compare scores with friends on all Sporcle quizzes.
OR
Log In

Sporcle TV

Today on Sporcle TV


Watch our educational content, quiz creation guides, and fun videos on Sporcle TV.

Show Comments

Extras

Top Quizzes Today


Score Distribution

Your Account Isn't Verified!

In order to create a playlist on Sporcle, you need to verify the email address you used during registration. Go to your Sporcle Settings to finish the process.

Report this User

Report this user for behavior that violates our Community Guidelines.

Details: